000 00771nam a22002537a 4500
005 20170124110025.0
010 _aB-031589
020 _c00.00
_a8175410612
035 _aB-031589
037 _bCen Lib/Ret
040 _aDPL
_bEN
082 _a342.54
_bREV
245 _aReviewing the constitution ? /
_cedited by Subhash C. Kashyap, D.D. Khanna [and] gert W. Kueck
260 _bShipra publications
_a Delhi
_c2000
270 _bDelhi
_e110092
_a115-A Vikas marg shakarpur
300 _avii,407p.
_c21cm(Hb)
500 _aIncludes index
650 _aLaw
_9104
650 _aCostitution
_920526
700 _aKashyap, Subhash C.
_98440
700 _aKhanna, D.D
_95716
700 _aKueck, Gert W.
_95717
942 _2ddc
_cEN
_h342.54
_mREV
999 _c127448
_d127448